The_Best Kept Business Secret: (Record no. 911)
[ view plain ]
| 000 -LEADER | |
|---|---|
| fixed length control field | 00508nam a22001697a 4500 |
| 005 - DATE AND TIME OF LATEST TRANSACTION | |
| control field | 20241108162022.0 |
| 008 - FIXED-LENGTH DATA ELEMENTS--GENERAL INFORMATION | |
| fixed length control field | 241108b |||||||| |||| 00| 0 eng d |
| 020 ## - INTERNATIONAL STANDARD BOOK NUMBER | |
| International Standard Book Number | 9789988186517 |
| 050 ## - LIBRARY OF CONGRESS CALL NUMBER | |
| Classification number | HD57.7 MUS |
| 100 ## - MAIN ENTRY--PERSONAL NAME | |
| Personal name | Musau Geneva |
| 245 ## - TITLE STATEMENT | |
| Title | The_Best Kept Business Secret: |
| Remainder of title | The line manager as coach/ |
| Statement of responsibility, etc. | Geneva Musau |
| 260 ## - PUBLICATION, DISTRIBUTION, ETC. | |
| Place of publication, distribution, etc. | Accra |
| Name of publisher, distributor, etc. | Qualitype Limited |
| Date of publication, distribution, etc. | 2013 |
| 300 ## - PHYSICAL DESCRIPTION | |
| Extent | viii. 155p.; |
| Other physical details | ill.; |
| Dimensions | 22.5 cm x 15 cm |
| 650 ## - SUBJECT ADDED ENTRY--TOPICAL TERM | |
| Source of heading or term | Business Secret |
| 710 ## - ADDED ENTRY--CORPORATE NAME | |
| Corporate name or jurisdiction name as entry element | Life Coaching Foundation |
| 942 ## - ADDED ENTRY ELEMENTS (KOHA) | |
| Source of classification or shelving scheme | Library of Congress Classification |
| Koha item type | Books |
| Suppress in OPAC | No |
| 999 ## - | |
| -- | 911 |
| -- | 911 |
| Withdrawn status | Lost status | Source of classification or shelving scheme | Damaged status | Not for loan | Collection | Home library | Current library | Shelving location | Date acquired | Total checkouts | Full call number | Barcode | Date last seen | Copy number | Price effective from | Koha item type |
|---|---|---|---|---|---|---|---|---|---|---|---|---|---|---|---|---|
| Library of Congress Classification | Non-fiction | Business Library (Miotso) | Business Library (Miotso) | General stacks | 11/08/2024 | HD57.7 MUS | BSSM00000218 | 11/08/2024 | 1 | 11/08/2024 | Books | |||||
| Library of Congress Classification | Non-fiction | Business Library (Miotso) | Business Library (Miotso) | General stacks | 11/08/2024 | HD57.7 MUS | BSSM00000219 | 11/08/2024 | 2 | 11/08/2024 | Books | |||||
| Library of Congress Classification | Non-fiction | Business Library (Miotso) | Business Library (Miotso) | General stacks | 11/08/2024 | HD57.7 MUS | BSSM00000220 | 11/08/2024 | 3 | 11/08/2024 | Books | |||||
| Library of Congress Classification | Non-fiction | Business Library (Miotso) | Business Library (Miotso) | General stacks | 11/08/2024 | HD57.7 MUS | BSSM00000221 | 11/08/2024 | 4 | 11/08/2024 | Books | |||||
| Library of Congress Classification | Non-fiction | Business Library (Miotso) | Business Library (Miotso) | General stacks | 11/08/2024 | HD57.7 MUS | BSSM00000222 | 11/08/2024 | 5 | 11/08/2024 | Books | |||||
| Library of Congress Classification | Non-fiction | Graduate Library (Christ Temple) | Graduate Library (Christ Temple) | General stacks | 05/26/2025 | HD 57.7 MUS | GSCT00001301 | 05/26/2025 | 1 | 05/26/2025 | Books |